|
|
|
|
| LEADER |
01058nam a2200229 u 4500 |
| 001 |
10042012 |
| 003 |
GR-PaULI |
| 005 |
20220509121527.0 |
| 008 |
011206s1998 gr m gre |
| 952 |
|
|
|0 0
|1 0
|2 ddc
|4 0
|6 811_540000000000000_SNY
|7 0
|9 359683
|a LISP
|b LISP
|c DON
|d 2022-05-09
|e ΠΑΤ
|i 147347
|l 0
|o 811.54 SNY
|p 025000273720
|r 2022-05-09 00:00:00
|t 1
|w 2022-05-09
|y BKN
|
| 999 |
|
|
|c 210231
|d 210231
|
| 020 |
|
|
|a 9602103337
|
| 040 |
|
|
|a GR-PaULI
|c GR-PaULI
|b gre
|e AACR2
|
| 082 |
0 |
4 |
|a 811.54
|2 23
|
| 100 |
1 |
|
|a Snyder, Gary,
|d 1930-
|e συγγραφέας.
|9 191664
|
| 245 |
1 |
2 |
|a Η ποιητική και η πολιτική του τόπου /
|c Γκάρυ Σνάιντερ ; επιμέλεια Λιάνα Σακελλίου - Σουλτς.
|
| 260 |
|
|
|a Αθήνα :
|b Οδυσσέας,
|c 1998.
|
| 300 |
|
|
|a 364 σ. ;
|b
|c 21 εκ.
|
| 504 |
|
|
|a Περιλαμβάνει βιβλιογραφία και ευρετήριο.
|
| 700 |
|
|
|9 28763
|a Σακελλίου-Schultz, Λιάνα,
|d 1956-
|e επιμελήτρια.
|
| 942 |
|
|
|2 ddc
|c BKN
|
| 998 |
|
|
|c ΜΠΟΥΡΑΣ
|d 2022-05
|